| 000 | 01364nam a22003737a 4500 | ||
|---|---|---|---|
| 001 | 421 | ||
| 003 | FISKH | ||
| 005 | 20240523100856.0 | ||
| 008 | 230411b cb ||||| |||| 00| 0 eng d | ||
| 020 | _a9780394806228 | ||
| 040 |
_aDLC _cDLC _dDLC _dFISKH _beng |
||
| 042 | _alcac | ||
| 050 | 0 | 0 |
_aPZ8.3.G276 _bMi 1996 |
| 082 | 0 | 0 |
_a813.54 _221 |
| 100 | 1 |
_aGeisel, Theodor Seuss _cDr. _d1904-1991. |
|
| 245 | 1 | 0 |
_aMr. Brown can moo! Can you? : _bDr. Seuss's book of wonderful noises / |
| 250 | _aThis edition first printing in 1970 | ||
| 260 |
_aNew York : _bRandom House, _c1998 |
||
| 300 |
_a32 unnumbered pages : _bcolor illustrations ; _c25 cm |
||
| 490 | 1 | _aBright and early board books | |
| 500 | _aOn board pages. | ||
| 505 | _aG | ||
| 520 | _aMr. Brown is an expert at imitating all sorts of noises. | ||
| 521 | 8 |
_a381
_bLexile estimate |
|
| 521 | 8 |
_aG
_bRaz-Plus |
|
| 650 | 1 |
_aSound _xFiction. |
|
| 650 | 1 | _aStories in rhyme. | |
| 830 | 0 | _aBright and early board book. | |
| 856 | 4 | 2 |
_3Contributor biographical information _uhttp://www.loc.gov/catdir/bios/random057/96068776.html |
| 856 | 4 | 2 |
_3Publisher description _uhttp://www.loc.gov/catdir/description/random043/96068776.html |
| 906 |
_a7 _bcbc _corignew _d2 _eopcn _f19 _gy-gencatlg |
||
| 942 |
_2ddc _cBK _n0 |
||
| 999 |
_c421 _d421 |
||